[Event "Rated Blitz game"]
[Site "?"]
[Date "2021.10.07"]
[Round "?"]
[White "hagr135"]
[Black "Annali-annaliew1979"]
[Result "0-1"]
[WhiteElo "2363"]
[BlackElo "2432"]
[PlyCount "54"]
[EventDate "2021.??.??"]
[EventType "blitz"]

1. e4 e5 2. Nf3 d5 3. exd5 e4 4. Qe2 f5 5. Nc3 Nf6 6. d3 Bb4 7. dxe4 Bxc3+ 8.
bxc3 fxe4 9. c4 O-O 10. Ne5 Re8 11. Bb2 c6 12. O-O-O cxd5 13. cxd5 Nbd7 14. f4
exf3 15. gxf3 Nxe5 16. Bxe5 Bf5 17. d6 Rc8 18. Rd2 Qa5 19. d7 Nxd7 20. f4 Nxe5
21. fxe5 Rxe5 22. Qf2 Rxc2+ 23. Rxc2 Re1+ 24. Qxe1 Qxe1+ 25. Kb2 Qb4+ 26. Kc1
Bxc2 27. Kxc2 Qe4+ {Time forfeit} 0-1

[Event "Rated Blitz game"]
[Site "?"]
[Date "2021.10.07"]
[Round "?"]
[White "momcilo56adzic"]
[Black "Kiridima123"]
[Result "1-0"]
[WhiteElo "2422"]
[BlackElo "2429"]
[PlyCount "97"]
[EventDate "2021.??.??"]
[EventType "blitz"]

1. e4 e5 2. Nf3 d5 3. Nxe5 Bd6 4. d4 dxe4 5. Nc4 Be7 6. Nc3 Nf6 7. Bg5 O-O 8.
Qd2 Nc6 9. O-O-O Bg4 10. Be2 Bxe2 11. Nxe2 b5 12. Ne3 Nd5 13. Bxe7 Ncxe7 14.
Rhe1 h6 15. Kb1 f5 16. g3 Nxe3 17. fxe3 Nd5 18. Nf4 Nxf4 19. gxf4 Qd5 20. Rg1
a5 21. Qg2 Rf7 22. Qg6 Kf8 23. Qh7 Rd7 24. Rdf1 Qg8 25. Qxf5+ Qf7 26. Qxe4 Re8
27. Qf3 c5 28. dxc5 Rd2 29. e4 Qc4 30. Rc1 Rxe4 31. Qg3 Qf7 32. f5 Ra4 33. b3
Re4 34. Qb8+ Re8 35. Qxb5 a4 36. Qxa4 Qd5 37. c6 Rc8 38. Qb4+ Kf7 39. Rg6 Qxf5
40. Rxg7+ Kxg7 41. Qxd2 Rxc6 42. Rg1+ Rg6 43. Re1 Rf6 44. a4 Qh3 45. Rg1+ Kf7
46. Qd5+ Ke7 47. Qb7+ Ke6 48. Re1+ Kf5 49. Qc8+ {Normal} 1-0

[Event "Rated Blitz game"]
[Site "?"]
[Date "2021.10.07"]
[Round "?"]
[White "lau_ocs"]
[Black "RCompany_1"]
[Result "1-0"]
[WhiteElo "2540"]
[BlackElo "2441"]
[PlyCount "109"]
[EventDate "2021.??.??"]
[EventType "blitz"]

1. e4 e5 2. Nf3 d5 3. Nxe5 Bd6 4. d4 dxe4 5. Nc4 Be7 6. Be2 Nf6 7. Nc3 Nc6 8.
Be3 Nd5 9. Nxd5 Qxd5 10. c3 f5 11. Qd2 Be6 12. Bf4 Qd7 13. Ne5 Nxe5 14. Bxe5
O-O 15. h4 Bd6 16. Qf4 Bxe5 17. Qxe5 Qd6 18. Qxd6 cxd6 19. f4 Rfc8 20. h5 h6
21. Rh3 a6 22. Rg3 Bf7 23. a4 Rc7 24. Kd2 Rac8 25. a5 Be8 26. Ke3 d5 27. Ra3
Rc6 28. Rb3 R8c7 29. Rb4 Kf8 30. Bd1 Rc4 31. Rb6 R4c6 32. Rb3 Rc4 33. Ra3 Bf7
34. Bb3 R4c6 35. Kd2 Rd6 36. Bd1 Rdc6 37. Rb3 Rc4 38. Rb6 R4c6 39. Rb4 Rc4 40.
Rb3 R4c6 41. Ra3 Rc4 42. Re3 R4c6 43. Rh3 Rc4 44. Be2 R4c6 45. Re3 Rd6 46. Ra4
Rdc6 47. Rb4 Rd6 48. Rg3 Rdc6 49. Rh3 Rd6 50. g4 fxg4 51. Bxg4 Rf6 52. Ke3 Be8
53. Rg3 Bc6 54. Be2 Rcf7 55. Rg4 {Time forfeit} 1-0

[Event "Rated Blitz game"]
[Site "?"]
[Date "2021.10.07"]
[Round "?"]
[White "alchemikal"]
[Black "elrond"]
[Result "1-0"]
[WhiteElo "2446"]
[BlackElo "2448"]
[PlyCount "93"]
[EventDate "2021.??.??"]
[EventType "blitz"]

1. e4 e5 2. Nf3 d5 3. exd5 e4 4. Qe2 Nf6 5. Nc3 Be7 6. Nxe4 O-O 7. d4 Re8 8.
Nxf6+ Bxf6 9. Ne5 Qxd5 10. Qc4 Qe4+ 11. Be3 Be6 12. Qxc7 Bxe5 13. dxe5 Nc6 14.
O-O-O Rec8 15. Qd6 Nb4 16. Bd3 Rxc2+ 17. Kb1 Bxa2+ 18. Ka1 Nxd3 19. Rxd3 h6 20.
Kxa2 Qxg2 21. Qd5 Qg4 22. f4 Qe2 23. Rb3 Rac8 24. Rd1 Qa6+ 25. Ra3 Qe2 26. Rd2
Rxd2 27. Qxd2 Qc4+ 28. Ka1 Qe4 29. Rc3 Qh1+ 30. Ka2 Re8 31. Rc7 b5 32. Rxa7 Qe4
33. Qd4 Qc2 34. f5 Re7 35. Rxe7 Qa4+ 36. Qxa4 bxa4 37. e6 fxe6 38. fxe6 Kh7 39.
Rd7 a3 40. e7 axb2 41. Kxb2 Kg6 42. e8=Q+ Kf5 43. Qf7+ Kg4 44. Qe6+ Kf3 45.
Qf5+ Ke2 46. Rd3 Ke1 47. Qf2# {Normal} 1-0

[Event "Rated Blitz game"]
[Site "?"]
[Date "2021.10.07"]
[Round "?"]
[White "southernnights"]
[Black "jeruchess"]
[Result "1-0"]
[WhiteElo "2435"]
[BlackElo "2423"]
[PlyCount "121"]
[EventDate "2021.??.??"]
[EventType "blitz"]

1. e4 e5 2. Nf3 d5 3. d3 Nc6 4. Nbd2 Nf6 5. Be2 Bc5 6. O-O O-O 7. c3 Bb6 8. b4
a6 9. Bb2 Re8 10. a3 h6 11. Qc2 Be6 12. Rad1 Qd7 13. c4 d4 14. c5 Ba7 15. Nc4
Bg4 16. Bc1 Rad8 17. Rfe1 Qe6 18. h3 Bxh3 19. gxh3 Qxh3 20. Ncd2 Re6 21. Bf1
Qg4+ 22. Bg2 Nh5 23. Nf1 Rg6 24. Ng3 Nxg3 25. fxg3 Qxg3 26. Qf2 Qg4 27. Kh2 b6
28. Bh3 Qh5 29. cxb6 Bxb6 30. Rg1 Rdd6 31. Rxg6 Rxg6 32. Rg1 Rxg1 33. Nxg1 a5
34. b5 Ne7 35. a4 Qd1 36. Qd2 Qxa4 37. Nf3 Qxb5 38. Qe2 a4 39. Nd2 Qb4 40. Nc4
Bc5 41. Ba3 Qb5 42. Bxc5 Qxc5 43. Qa2 Qb5 44. Bg2 Ng6 45. Qa3 Qd7 46. Qb4 Qg4
47. Qb8+ Kh7 48. Qxc7 Qf4+ 49. Kg1 Nh4 50. Qxe5 Nxg2 51. Kxg2 Qg4+ 52. Kf2 Qd1
53. Qxd4 Qc2+ 54. Ke3 a3 55. Nd2 Qb3 56. Qa1 a2 57. Nc4 Qb2 58. Qxb2 g6 59.
Qxa2 h5 60. Qg2 Kh6 61. Qg5+ {Time forfeit} 1-0

[Event "Rated Blitz game"]
[Site "?"]
[Date "2021.10.07"]
[Round "?"]
[White "Kiezking"]
[Black "King_bg03"]
[Result "1-0"]
[WhiteElo "2609"]
[BlackElo "2544"]
[PlyCount "127"]
[EventDate "2021.??.??"]
[EventType "blitz"]

1. e4 e5 2. Nf3 d5 3. exd5 e4 4. Qe2 Qe7 5. Nd4 Nf6 6. Nc3 Nbd7 7. d3 exd3 8.
Qxe7+ Bxe7 9. Bxd3 Nb6 10. d6 Bxd6 11. Ndb5 O-O 12. Nxd6 cxd6 13. O-O Be6 14.
Bf4 Bc4 15. Rad1 Bxd3 16. Rxd3 d5 17. Nb5 a6 18. Nd4 Rac8 19. b3 Rfe8 20. f3
Nbd7 21. Kf2 Ne5 22. Bxe5 Rxe5 23. Re1 Rxe1 24. Kxe1 Kf8 25. Kd2 g6 26. Re3 Re8
27. Rxe8+ Kxe8 28. Ke3 Ke7 29. g4 h6 30. h3 Kd6 31. b4 Nd7 32. f4 Nf6 33. a4
Ne4 34. c4 Nc3 35. c5+ Kc7 36. a5 Na2 37. Nc2 Kc6 38. Nd4+ Kc7 39. Nc2 Kc6 40.
Nd4+ Kd7 41. Nc2 Nc3 42. Kd4 Ne2+ 43. Ke5 Ke7 44. b5 f6+ 45. Kxd5 Nxf4+ 46. Ke4
Nxh3 47. c6 Kd8 48. cxb7 Kc7 49. bxa6 Nf2+ 50. Kd4 Nxg4 51. Nb4 Ne5 52. Nd5+
Kb8 53. Nxf6 Nc6+ 54. Kc5 Kc7 55. Nd5+ Kd7 56. a7 Nxa7 57. b8=Q Ke6 58. Qd6+
Kf5 59. Qf6+ Kg4 60. Qxg6+ Kh4 61. Qxh6+ Kg4 62. Qe6+ Kf3 63. Qb6 Kf2 64. Qxa7
{Normal} 1-0

[Event "Rated Blitz game"]
[Site "?"]
[Date "2021.10.07"]
[Round "?"]
[White "Chess_Gus"]
[Black "Annali-annaliew1979"]
[Result "0-1"]
[WhiteElo "2530"]
[BlackElo "2443"]
[PlyCount "84"]
[EventDate "2021.??.??"]
[EventType "blitz"]

1. e4 e5 2. Nf3 d5 3. Nxe5 Qe7 4. d4 f6 5. Qh5+ g6 6. Nxg6 Qxe4+ 7. Be2 Qxg6 8.
Qh4 h5 9. O-O Nc6 10. Bd3 Bf5 11. Re1+ Nge7 12. Nc3 O-O-O 13. Bf1 Rg8 14. Bf4
Bxc2 15. Rac1 Bd3 16. Qh3+ Bf5 17. Qh4 Kb8 18. Nb5 Rd7 19. Nxc7 Rxc7 20. Bxc7+
Kxc7 21. Qf4+ Kd7 22. g3 Bh6 23. Rxe7+ Kxe7 24. Qc7+ Bd7 25. Re1+ Qe4 26. Rxe4+
dxe4 27. Qxb7 Rb8 28. Qc7 Rxb2 29. d5 Ne5 30. d6+ Kf7 31. Bc4+ Kg6 32. Bd5 Bh3
33. Bxe4+ f5 34. Bc2 Nf3+ 35. Kh1 Bg7 36. d7 Bf6 37. Qc6 Ne5 38. Qc3 Rb8 39.
Qd4 Bg4 40. h3 Bf3+ 41. Kh2 Bc6 42. Qf4 Nf3+ {Time forfeit} 0-1

[Event "Rated Blitz game"]
[Site "?"]
[Date "2021.10.07"]
[Round "?"]
[White "BolaDeNieve32"]
[Black "RCompany_1"]
[Result "1-0"]
[WhiteElo "2454"]
[BlackElo "2444"]
[PlyCount "37"]
[EventDate "2021.??.??"]
[EventType "blitz"]

1. e4 e5 2. Nf3 d5 3. Nxe5 Bd6 4. d4 dxe4 5. Bc4 Bxe5 6. Qh5 Qe7 7. Qxe5 Qxe5
8. dxe5 Nc6 9. Nc3 Nxe5 10. Bb3 Bd7 11. Bf4 Ng6 12. Bxc7 Rc8 13. Bd6 Rc6 14.
Bb4 Nf6 15. O-O-O h5 16. Rhe1 Rb6 17. Nxe4 Nxe4 18. Rxe4+ Be6 19. Ba4+ {Normal}
1-0

[Event "Rated Blitz game"]
[Site "?"]
[Date "2021.10.07"]
[Round "?"]
[White "deek741"]
[Black "RCompany_1"]
[Result "1-0"]
[WhiteElo "2431"]
[BlackElo "2460"]
[PlyCount "55"]
[EventDate "2021.??.??"]
[EventType "blitz"]

1. e4 e5 2. Nf3 d5 3. d4 dxe4 4. Nxe5 Bd6 5. Nc4 Be7 6. Nc3 Nf6 7. Bf4 Nc6 8.
d5 Nb4 9. d6 cxd6 10. Nxd6+ Bxd6 11. Bxd6 Nbd5 12. Bb5+ Bd7 13. Bxd7+ Qxd7 14.
Ba3 O-O-O 15. O-O Nxc3 16. bxc3 Qxd1 17. Rfxd1 Rxd1+ 18. Rxd1 Rd8 19. Rd4 Nd5
20. Kf1 f5 21. c4 Nb6 22. Rxd8+ Kxd8 23. c5 Nc4 24. Bc1 Kd7 25. f3 exf3 26.
gxf3 Kc6 27. Kf2 Kxc5 28. Kg3 {Time forfeit} 1-0

[Event "Rated Blitz game"]
[Site "?"]
[Date "2021.10.07"]
[Round "?"]
[White "Suffkopf97"]
[Black "KamranShirazi"]
[Result "0-1"]
[WhiteElo "2536"]
[BlackElo "2609"]
[PlyCount "28"]
[EventDate "2021.??.??"]
[EventType "blitz"]

1. e4 e5 2. Nf3 d5 3. exd5 e4 4. Qe2 Nf6 5. Nc3 Be7 6. Nxe4 Nxd5 7. d3 O-O 8.
g3 f5 9. Nc3 Bb4 10. Qd2 Re8+ 11. Be2 Qe7 12. Nd4 c5 13. Nb3 Nxc3 14. bxc3 Bxc3
{Normal} 0-1

[Event "Rated Blitz game"]
[Site "?"]
[Date "2021.10.07"]
[Round "?"]
[White "OldInvoker"]
[Black "Kiridima123"]
[Result "0-1"]
[WhiteElo "2249"]
[BlackElo "2413"]
[PlyCount "130"]
[EventDate "2021.??.??"]
[EventType "blitz"]

1. e4 e5 2. Nf3 d5 3. exd5 e4 4. Nd4 Qxd5 5. Nb3 Nf6 6. Nc3 Qe5 7. Be2 Nc6 8.
d4 e3 9. Bxe3 Qd6 10. O-O Bf5 11. Nb5 Qd7 12. c4 a6 13. Nc3 Be7 14. d5 Ne5 15.
Nc5 Qc8 16. Qd4 Ned7 17. Nxd7 Qxd7 18. Rad1 O-O 19. Rfe1 b6 20. Bf3 Bc5 21. Qf4
Bd6 22. Qh4 Rae8 23. Bg5 Rxe1+ 24. Rxe1 Re8 25. Rxe8+ Qxe8 26. Be3 Bc5 27. Qf4
Bd3 28. h3 Bd6 29. Qd4 Bf5 30. a3 Nd7 31. b4 Ne5 32. Be2 f6 33. c5 bxc5 34.
bxc5 Bf8 35. Bxa6 Qg6 36. Kh2 Nd7 37. d6 cxd6 38. cxd6 h5 39. Bc4+ Kh7 40. Ne2
Qe8 41. Ng3 Bg6 42. Bd3 h4 43. Bxg6+ Qxg6 44. Qxh4+ Kg8 45. Qc4+ Kh7 46. Qe6
Ne5 47. d7 Qd3 48. Qf5+ Qxf5 49. Nxf5 Nxd7 50. a4 Bb4 51. Nd4 Ne5 52. Nc2 Ba5
53. Na3 Kg6 54. Nb5 Nc4 55. Bd4 Kf5 56. Bc3 Bb6 57. Kg3 g5 58. Kf3 Ke6 59. Ke4
f5+ 60. Kf3 Kd5 61. g4 f4 62. h4 gxh4 63. Kxf4 Ke6 64. f3 Be3+ 65. Ke4 h3 {
Normal} 0-1

[Event "Rated Blitz game"]
[Site "?"]
[Date "2021.10.07"]
[Round "?"]
[White "Quijoteajedrecista"]
[Black "RCompany_1"]
[Result "1-0"]
[WhiteElo "2489"]
[BlackElo "2449"]
[PlyCount "63"]
[EventDate "2021.??.??"]
[EventType "blitz"]

1. e4 e5 2. Nf3 d5 3. exd5 e4 4. Qe2 Nf6 5. d3 Qxd5 6. Nfd2 Nc6 7. Nc3 Qa5 8.
Ndxe4 Be6 9. Bd2 O-O-O 10. Qd1 Be7 11. Be2 h5 12. O-O h4 13. Ng5 Qf5 14. Nxe6
Qxe6 15. Re1 h3 16. Bf3 Qd7 17. Bf4 hxg2 18. Nb5 Bd6 19. Nxd6+ cxd6 20. Bxg2
Nh5 21. Bg3 f5 22. Qf3 f4 23. Bxf4 Rdf8 24. Bh3 Nxf4 25. Bxd7+ Kxd7 26. Qg4+
Kc7 27. Qxg7+ Kb6 28. Kh1 Nh3 29. Re2 Rhg8 30. Qc3 Nxf2+ 31. Rxf2 Rxf2 32. Qb3+
{Normal} 1-0

[Event "Rated Blitz game"]
[Site "?"]
[Date "2021.10.07"]
[Round "?"]
[White "Janou"]
[Black "jeruchess"]
[Result "1-0"]
[WhiteElo "2462"]
[BlackElo "2422"]
[PlyCount "75"]
[EventDate "2021.??.??"]
[EventType "blitz"]

1. e4 e5 2. Nf3 d5 3. exd5 e4 4. Qe2 Nf6 5. Nc3 Be7 6. Ng5 O-O 7. Ngxe4 Re8 8.
d3 Nxd5 9. Be3 Nc6 10. O-O-O Be6 11. g4 Ncb4 12. Kb1 c5 13. a3 a5 14. Bg2 Nxe3
15. fxe3 Nd5 16. Nxd5 Bxd5 17. Nc3 Bxg2 18. Qxg2 b5 19. Nxb5 Rb8 20. c4 Bf6 21.
h4 Rxe3 22. g5 Bd4 23. h5 Qe7 24. Rd2 Re8 25. g6 fxg6 26. hxg6 h6 27. Ka2 a4
28. Rf1 Kh8 29. Rf7 Qe5 30. Rdf2 Kg8 31. Nc7 Rb8 32. Qb7 Rd8 33. Nd5 Re1 34.
Ne7+ Qxe7 35. Rxe7 Rxe7 36. Qxe7 Rb8 37. Qf7+ Kh8 38. Qf8+ {Normal} 1-0

[Event "Rated Blitz game"]
[Site "?"]
[Date "2021.10.07"]
[Round "?"]
[White "PimponNicois"]
[Black "SerialDrinker"]
[Result "0-1"]
[WhiteElo "2466"]
[BlackElo "2319"]
[PlyCount "58"]
[EventDate "2021.??.??"]
[EventType "blitz"]

1. e4 e5 2. Nf3 d5 3. exd5 e4 4. Qe2 Nf6 5. d3 Be7 6. dxe4 O-O 7. Nc3 c6 8.
dxc6 Nxc6 9. Bd2 Bg4 10. O-O-O Rc8 11. e5 Nd7 12. Bf4 Qa5 13. h3 Be6 14. Qb5
Qc7 15. Nd4 Nxd4 16. Rxd4 Bc5 17. Rd2 a6 18. Qe2 Bb4 19. Qf3 Bxc3 20. Qxc3 Qxc3
21. bxc3 Rxc3 22. Kb2 Rc6 23. Bd3 Nc5 24. Be3 Na4+ 25. Ka1 b5 26. Be4 Rc7 27.
Rhd1 Nc3 28. Bb6 Rc4 29. Rd8 Nxd1 {Normal} 0-1

[Event "Rated Blitz game"]
[Site "?"]
[Date "2021.10.07"]
[Round "?"]
[White "Antoine0705"]
[Black "RCompany_1"]
[Result "0-1"]
[WhiteElo "2493"]
[BlackElo "2459"]
[PlyCount "66"]
[EventDate "2021.??.??"]
[EventType "blitz"]

1. e4 e5 2. Nf3 d5 3. Nxe5 Bd6 4. d4 dxe4 5. Be2 Nf6 6. O-O O-O 7. c4 c5 8. Be3
Qe7 9. Ng4 Nxg4 10. Bxg4 f5 11. dxc5 Be5 12. Qd5+ Kh8 13. Bg5 Qxg5 14. Qxe5
Qxg4 15. Nc3 Nc6 16. Qd6 Rd8 17. Qc7 Rd7 18. Qg3 Qxg3 19. hxg3 Rd4 20. b3 Be6
21. Nb5 Rd7 22. Rad1 Rad8 23. Rd6 Rxd6 24. cxd6 a6 25. Nc7 Rxd6 26. c5 Rd2 27.
Nxe6 Rxa2 28. Rd1 Rb2 29. Rd7 Rxb3 30. Nxg7 Ne5 31. Rc7 Rb1+ 32. Kh2 Ng4+ 33.
Kh3 Rh1# {Normal} 0-1

[Event "Rated Blitz tournament 8Aq11x3m"]
[Site "?"]
[Date "2021.10.07"]
[Round "?"]
[White "Tom1306"]
[Black "cuerosky"]
[Result "1-0"]
[WhiteElo "2449"]
[BlackElo "2237"]
[PlyCount "87"]
[EventDate "2021.??.??"]
[EventType "blitz"]

1. e4 e5 2. Nf3 d5 3. exd5 e4 4. Qe2 Nf6 5. Nc3 Be7 6. d3 O-O 7. dxe4 Re8 8.
Be3 c6 9. O-O-O Qa5 10. d6 Bf8 11. Bf4 Nbd7 12. Qc4 Nb6 13. Qd4 Be6 14. a3 c5
15. Qe3 Bc4 16. Nd2 Bxf1 17. Rhxf1 Rad8 18. e5 Nfd5 19. Nxd5 Nxd5 20. Qf3 Nb6
21. Ne4 c4 22. Qc3 Qa4 23. Bg3 Qb5 24. Rd4 Rc8 25. Qb4 Qc6 26. Nc3 Qxg2 27.
Rfd1 Nd7 28. Rxc4 Rxc4 29. Qxc4 Qh3 30. Qc7 Qe6 31. f4 f5 32. Ne2 h6 33. Nd4
Qf7 34. e6 Rxe6 35. Nxe6 Qxe6 36. Re1 Qa2 37. Qxd7 Qa1+ 38. Kd2 Qxb2 39. Qe6+
Kh8 40. Qd5 Qxa3 41. Re3 Qb4+ 42. Ke2 Qxd6 43. Qxd6 Bxd6 44. Re8+ {Normal} 1-0

[Event "Rated Blitz game"]
[Site "?"]
[Date "2021.10.07"]
[Round "?"]
[White "Suriken"]
[Black "lavilaine"]
[Result "1-0"]
[WhiteElo "2415"]
[BlackElo "2399"]
[PlyCount "49"]
[EventDate "2021.??.??"]
[EventType "blitz"]

1. e4 e5 2. Nf3 d5 3. exd5 e4 4. Qe2 f5 5. c4 Nf6 6. d3 c6 7. dxe4 fxe4 8. Nc3
cxd5 9. cxd5 Bd6 10. Bg5 O-O 11. Nd4 Bb4 12. Bxf6 Qxf6 13. Qxe4 Bd7 14. O-O-O
Bxc3 15. bxc3 Qxf2 16. Bd3 Qxa2 17. Qxh7+ Kf7 18. Rhf1+ Ke7 19. Qxg7+ Kd6 20.
Qxf8+ Kc7 21. Qc5+ Nc6 22. d6+ Kb8 23. Rf8+ Bc8 24. Nxc6+ bxc6 25. Qb4# {Normal
} 1-0

[Event "Rated Blitz game"]
[Site "?"]
[Date "2021.10.07"]
[Round "?"]
[White "jr1990"]
[Black "rofaidah"]
[Result "0-1"]
[WhiteElo "2391"]
[BlackElo "2428"]
[PlyCount "82"]
[EventDate "2021.??.??"]
[EventType "blitz"]

1. e4 e5 2. Nf3 d5 3. Nxe5 Qe7 4. d4 f6 5. Nf3 dxe4 6. Nfd2 Nc6 7. Nb3 Bf5 8.
Nc3 O-O-O 9. Be3 g5 10. Bb5 Ne5 11. Qe2 Ng4 12. O-O-O Nxe3 13. fxe3 a6 14. Bc4
Bg6 15. Qf2 f5 16. Nd5 Qe8 17. Nc3 Nf6 18. h3 Bb4 19. Qg3 Bxc3 20. bxc3 h6 21.
d5 Rd6 22. Rhf1 Qa4 23. Nd2 Qa3+ 24. Kb1 Qxc3 25. Bb3 a5 26. Nc4 Ra6 27. Qe5
Qxe5 28. Nxe5 a4 29. Bc4 Rb6+ 30. Ka1 Be8 31. Rb1 Rxb1+ 32. Rxb1 Nd7 33. Ba6
Nxe5 34. Rxb7 Kd8 35. d6 cxd6 36. Be2 Bd7 37. Kb2 Ke7 38. Ka3 Rc8 39. Bb5 Rxc2
40. Kxa4 Rxa2+ 41. Kb3 Rxg2 {Normal} 0-1

[Event "Rated Blitz game"]
[Site "?"]
[Date "2021.10.07"]
[Round "?"]
[White "LaVoieLactee"]
[Black "ahoramahora"]
[Result "1-0"]
[WhiteElo "2553"]
[BlackElo "2382"]
[PlyCount "65"]
[EventDate "2021.??.??"]
[EventType "blitz"]

1. e4 e5 2. Nf3 d5 3. exd5 e4 4. Qe2 Nf6 5. d3 Qxd5 6. Nbd2 Nc6 7. dxe4 Qd8 8.
Qd3 Bd7 9. Be2 Nb4 10. Qb3 Be6 11. Bc4 Bxc4 12. Qxc4 Bd6 13. O-O Nd7 14. e5 Be7
15. Ne4 O-O 16. Rd1 Nb6 17. Qe2 Qe8 18. Bg5 h6 19. Bxe7 Qxe7 20. c3 N4d5 21.
Rd4 c5 22. Rd2 Rad8 23. Rad1 Nf4 24. Qe3 Nbd5 25. Qxc5 Qxc5 26. Nxc5 b6 27. Nb7
Rd7 28. Nd6 f6 29. Nc4 fxe5 30. Ncxe5 Re7 31. Rxd5 Nxd5 32. Rxd5 Rfe8 33. Kf1 {
Normal} 1-0

[Event "Rated Blitz game"]
[Site "?"]
[Date "2021.10.07"]
[Round "?"]
[White "blackswan21"]
[Black "GKyrey"]
[Result "1-0"]
[WhiteElo "2476"]
[BlackElo "2356"]
[PlyCount "105"]
[EventDate "2021.??.??"]
[EventType "blitz"]

1. e4 e5 2. Nf3 d5 3. Nxe5 Bd6 4. Nxf7 Kxf7 5. Qh5+ Kf8 6. e5 Qe7 7. d4 Nf6 8.
Qe2 Nc6 9. c3 Nxd4 10. cxd4 Bb4+ 11. Bd2 Ne4 12. a3 Bxd2+ 13. Nxd2 Nxd2 14.
Qxd2 g6 15. Qh6+ Qg7 16. Qf4+ Qf7 17. Qxf7+ Kxf7 18. Rc1 c6 19. b4 Bf5 20. b5
Rhc8 21. bxc6 Rxc6 22. Rxc6 bxc6 23. f3 Rb8 24. g4 Rb1+ 25. Kd2 Bc8 26. Kc2 Ra1
27. Kb2 Re1 28. Kc3 Re3+ 29. Kb4 Rxf3 30. Be2 Rf4 31. Rf1 Rxf1 32. Bxf1 Bxg4
33. Kc5 Ke6 34. Kxc6 Bf3 35. Bh3+ Ke7 36. a4 h5 37. a5 Be2 38. Kxd5 g5 39. Ke4
g4 40. Bg2 a6 41. Kf4 h4 42. Kg5 Ke6 43. Kxh4 Bf3 44. Bxf3 gxf3 45. Kg3 Kd5 46.
Kxf3 Kxd4 47. e6 Kc5 48. e7 Kb5 49. e8=Q+ Kxa5 50. Qb8 Ka4 51. Qb6 Ka3 52.
Qxa6+ Kb3 53. Qc6 {Normal} 1-0

[Event "Rated Blitz game"]
[Site "?"]
[Date "2021.10.07"]
[Round "?"]
[White "izel2"]
[Black "Accjgm980523"]
[Result "1-0"]
[WhiteElo "2549"]
[BlackElo "2530"]
[PlyCount "55"]
[EventDate "2021.??.??"]
[EventType "blitz"]

1. e4 e5 2. Nf3 d5 3. exd5 e4 4. Qe2 Nf6 5. d3 Qxd5 6. Nc3 Bb4 7. Bd2 Bxc3 8.
Bxc3 O-O 9. Ne5 Re8 10. O-O-O Qxa2 11. dxe4 Nc6 12. Nxc6 Bg4 13. f3 bxc6 14.
Qc4 Qxc4 15. Bxc4 Be6 16. Ba6 Rab8 17. Kd2 Rb6 18. Ra1 c5 19. Ra5 Nd7 20. Be2
Rd8 21. Ke3 f5 22. Rxa7 fxe4 23. fxe4 Nf6 24. Rxc7 Re8 25. Rxc5 Bg4 26. Bxf6
Bxe2 27. Bd4 Bh5 28. Rxh5 {Normal} 1-0

[Event "Rated Blitz game"]
[Site "?"]
[Date "2021.10.07"]
[Round "?"]
[White "mrdeedz219"]
[Black "Annali-annaliew1979"]
[Result "0-1"]
[WhiteElo "2458"]
[BlackElo "2439"]
[PlyCount "92"]
[EventDate "2021.??.??"]
[EventType "blitz"]

1. e4 e5 2. Nf3 d5 3. exd5 e4 4. Nd4 c5 5. Nb3 f5 6. c4 Nf6 7. Nc3 Bd6 8. d3
O-O 9. Bg5 Re8 10. d4 Nbd7 11. Qd2 a6 12. Be2 b6 13. O-O-O Qc7 14. h4 h6 15.
Bxf6 Bf4 16. Be5 Bxd2+ 17. Rxd2 Nxe5 18. dxe5 Qxe5 19. Rhd1 Bd7 20. d6 Qf4 21.
Bh5 e3 22. fxe3 Rxe3 23. Nd5 Qxc4+ 24. Rc2 Qxh4 25. Nxe3 Qxh5 26. Nd5 Re8 27.
Nxb6 Bc6 28. d7 Rd8 29. Nxc5 Qg6 30. Nc4 Be4 31. Nxe4 fxe4 32. b3 Qf5 33. Ne3
Qf4 34. Rc3 Kh7 35. Kb2 Qe5 36. Rd5 Qe6 37. Rc7 Qb6 38. Rc8 Rxd7 39. Rxd7 Qxe3
40. Re8 Qf2+ 41. Ka3 e3 42. Rde7 Qxg2 43. Rxe3 Qc6 44. R8e6 Qc5+ 45. Kb2 a5 46.
R6e5 Qb6 {Time forfeit} 0-1

[Event "Rated Blitz game"]
[Site "?"]
[Date "2021.10.07"]
[Round "?"]
[White "Davigator"]
[Black "RCompany_1"]
[Result "1-0"]
[WhiteElo "2461"]
[BlackElo "2456"]
[PlyCount "97"]
[EventDate "2021.??.??"]
[EventType "blitz"]

1. e4 e5 2. Nf3 d5 3. Nxe5 Bd6 4. d4 dxe4 5. Nc4 Be7 6. Be3 f5 7. Be2 Nf6 8.
Nc3 O-O 9. Qd2 Kh8 10. O-O-O Nc6 11. d5 Nb4 12. a3 Na6 13. g3 Bd6 14. Nb5 Qe7
15. Ncxd6 cxd6 16. Bxa7 Bd7 17. Be3 Rfc8 18. Kb1 Nc5 19. Qb4 Ra4 20. Qd2 Ng4
21. Bxg4 fxg4 22. Nd4 b5 23. c3 Nd3 24. Qe2 Qe5 25. Nc2 Qxd5 26. Nb4 Bf5 27.
Nxd5 h6 28. h3 gxh3 29. g4 Be6 30. Nf4 Bc4 31. Qd2 Nxf4 32. Bxf4 Bd3+ 33. Ka2
d5 34. b3 Ra6 35. Kb2 Rca8 36. Ra1 Kh7 37. Rxh3 Rg6 38. Rxd3 exd3 39. Qxd3 Raa6
40. Be5 Kg8 41. f3 Rge6 42. Bd4 b4 43. axb4 Rac6 44. Ra8+ Kf7 45. Qf5+ Rf6 46.
Bxf6 Rxf6 47. Qxd5+ Kg6 48. Re8 Rxf3 49. Qxf3 {Normal} 1-0

[Event "Rated Blitz game"]
[Site "?"]
[Date "2021.10.07"]
[Round "?"]
[White "ReyGor"]
[Black "ahoramahora"]
[Result "1-0"]
[WhiteElo "2472"]
[BlackElo "2375"]
[PlyCount "93"]
[EventDate "2021.??.??"]
[EventType "blitz"]

1. e4 e5 2. Nf3 d5 3. exd5 e4 4. Qe2 Nf6 5. Nc3 Be7 6. Nxe4 O-O 7. d3 Qxd5 8.
Bd2 Bg4 9. h3 Bh5 10. g4 Bg6 11. Nc3 Qa5 12. g5 Nd5 13. Bg2 Nc6 14. O-O Rfe8
15. Rfe1 Kf8 16. Ne4 Qb6 17. c4 Ndb4 18. a3 Nc2 19. Be3 Nxe3 20. Qxe3 Qxb2 21.
Reb1 Qc2 22. Ne1 Qa4 23. Rxb7 Rad8 24. Rxc7 Ne5 25. f4 Nc6 26. Nc3 Qa6 27. Rxc6
Qa5 28. Ne4 h6 29. h4 hxg5 30. hxg5 Rd7 31. Qh3 Kg8 32. Qxd7 f6 33. Rc8 Rxc8
34. Qxc8+ Kh7 35. gxf6 gxf6 36. Nf3 Qb6+ 37. Kh2 Qe3 38. Rh1 Kg7 39. Qg4 Kf7
40. f5 Bh7 41. Nh4 Qd4 42. Qh5+ Kf8 43. Qxh7 Bd6+ 44. Kh3 Qe3+ 45. Bf3 Bf4 46.
Ng6+ Ke8 47. Qe7# {Normal} 1-0

[Event "Rated Blitz game"]
[Site "?"]
[Date "2021.10.07"]
[Round "?"]
[White "AlexFrol"]
[Black "RCompany_1"]
[Result "1-0"]
[WhiteElo "2544"]
[BlackElo "2441"]
[PlyCount "129"]
[EventDate "2021.??.??"]
[EventType "blitz"]

1. e4 e5 2. Nf3 d5 3. exd5 e4 4. Qe2 Nf6 5. d3 Qxd5 6. Nc3 Bb4 7. dxe4 Bxc3+ 8.
bxc3 Qxe4 9. Qxe4+ Nxe4 10. Bb2 O-O 11. Bd3 Re8 12. O-O Nc6 13. Rfe1 Bf5 14.
Nd4 Nxd4 15. cxd4 Nd6 16. Bxf5 Nxf5 17. g3 f6 18. Kg2 Kf7 19. Rad1 Rad8 20.
Rxe8 Kxe8 21. Kf3 Kf7 22. c4 c6 23. Ke4 g6 24. Bc3 b6 25. a4 Re8+ 26. Kd3 Nd6
27. a5 b5 28. cxb5 cxb5 29. a6 Rc8 30. Bb4 Ke6 31. Re1+ Kd7 32. Bc5 Rc6 33. Ra1
Nc8 34. Kc3 Re6 35. Kb4 Kc6 36. Rc1 Kd5 37. Kxb5 Re2 38. Ba3 Nd6+ 39. Bxd6 Kxd6
40. Rc6+ Kd7 41. Rxf6 Ke7 42. Rf4 Rb2+ 43. Kc5 Ra2 44. Re4+ Kd7 45. Rf4 Ke7 46.
Rh4 h5 47. Re4+ Kd7 48. Kb5 Rb2+ 49. Kc4 Ra2 50. Re5 Rxa6 51. Rd5+ Ke6 52. Rb5
Ra2 53. h4 Rxf2 54. Ra5 Rf7 55. Ra6+ Kf5 56. Kd5 Kg4 57. Rxg6+ Kh3 58. Rg5 a5
59. Kc6 a4 60. Rxh5 Ra7 61. Kb6 Ra8 62. Kb7 Rd8 63. Ra5 Rxd4 64. h5 Kxg3 65. h6
{Time forfeit} 1-0

[Event "Rated Blitz game"]
[Site "?"]
[Date "2021.10.07"]
[Round "?"]
[White "Rouge613"]
[Black "Dzon_Vejn"]
[Result "1-0"]
[WhiteElo "2414"]
[BlackElo "2454"]
[PlyCount "59"]
[EventDate "2021.??.??"]
[EventType "blitz"]

1. e4 e5 2. Nf3 d5 3. exd5 e4 4. Qe2 Nf6 5. Nc3 Be7 6. Nxe4 O-O 7. d3 Nxd5 8.
Qd1 Re8 9. Be2 Nc6 10. O-O Bf5 11. Ng3 Bg6 12. Re1 Bf6 13. c3 b5 14. d4 a6 15.
a4 Rb8 16. axb5 axb5 17. Ra6 Qd7 18. Bf1 Red8 19. Qb3 b4 20. c4 Nb6 21. d5 Nd4
22. Nxd4 Bxd4 23. Be3 Bxe3 24. Qxe3 Re8 25. Qd2 Rxe1 26. Qxe1 c6 27. Qxb4 Qb7
28. c5 Nxd5 29. Qxb7 Rxb7 30. Ra8+ {Normal} 1-0